Η γλώσσα μου : ανάλυση του σχολικού βιβλίου κατά μάθημα : Α' τάξη δημοτικού
Αποθηκεύτηκε σε:
| Κύριος συγγραφέας: | |
|---|---|
| Άλλοι συγγραφείς: | , , |
| Μορφή: | Βιβλίο |
| Γλώσσα: | Greek |
| Δημοσίευση: |
Αθήνα :
Πατάκης,
2001
|
| Σειρά: | Βιβλία για την εκπαίδευση - Δημοτικό/Γλώσσα
|
| Θέματα: | |
| Ετικέτες: |
Προσθήκη ετικέτας
Δεν υπάρχουν, Καταχωρήστε ετικέτα πρώτοι!
|
MARC
| LEADER | 00000cam a2200000 i 4500 | ||
|---|---|---|---|
| 001 | 1/71596 | ||
| 008 | 050216s2001 gr | ||| |||| ||gre|| | ||
| 020 | |a 9603786578 | ||
| 035 | |l 10076575 | ||
| 040 | |a GR-MY-UA |b gre |e aacr | ||
| 041 | 0 | |a gre | |
| 082 | 0 | |a 372.6 |2 (21) | |
| 100 | 1 | |a Ραπτόπουλος, Σωτήρης Κ. | |
| 245 | 1 | 2 | |a Η γλώσσα μου : |b ανάλυση του σχολικού βιβλίου κατά μάθημα : Α' τάξη δημοτικού / |c Σωτήρης Κ. Ραπτόπουλος, Αριστ. Δ. Σταμάτης, Γιώργος Γρ. Χρόνης ; εικονογράφηση Βαγγέλης Ελευθερίου |
| 260 | |a Αθήνα : |b Πατάκης, |c 2001 | ||
| 300 | |a 2 τ.; |b εικ.; |c 28 εκ. | ||
| 490 | 1 | |a Βιβλία για την εκπαίδευση - Δημοτικό/Γλώσσα | |
| 650 | 0 | 0 | |a Greek language, Modern |x Study and teaching (Elementary) |
| 650 | 0 | 0 | |a Greek language, Modern |x Grammar |x Study and teaching (Elementary) |
| 650 | 0 | 0 | |a Greek language, Modern |x Syntax |x Study and teaching (Elementary) |
| 700 | 1 | |a Σταμάτης, Αριστομένης Δ. | |
| 700 | 1 | |a Χρόνης, Γιώργος Γρ. | |
| 700 | 1 | |a Ελευθερίου |c Βαγγέλης. |4 ill | |
| 830 | 0 | |a Βιβλία για την εκπαίδευση - Δημοτικό/Γλώσσα | |
| 852 | |a INST |b RHODES |e 20050216 |h 372.6 ΡΑΠ |p 005400023676 |q 005400023676 |t BK |y 0 |z τ.2 | ||
| 852 | |a INST |b RHODES |e 20050216 |h 372.6 ΡΑΠ |p 005400023676 |q 005400023676 |t BK |v τ.2: |y 0 |z τ.2 | ||
| 853 | |a INST |b RHODES |h 372.6 ΡΑΠ | ||
| 901 | |a BIBL4-2005-1 | ||
| 909 | |a Ρ |b 110363 | ||
| 922 | |a 4ΕΛΗ |b 200412 |c ΒΙΒΛΙΟΘΗΚΗ |d ΔΕΝΤΡΟ | ||
| 970 | |a ΧΟΡΟΖΙΔΟΥ |b ΤΖΕΝΗ |z 2005/02/16 | ||